000 01322nam a2200277Ia 4500
999 _c5544
_d5544
003 OSt
005 20200701202628.0
008 191128s2014 sp a gr 000 0dspa d
020 _a9788430961443
040 _aCO-JMCR
_cCO-JMCR
041 0 _aspa
082 0 4 _a330.9 /
_bB415e
_223
100 1 _aBlanco, Francisco,
_eautor
_96443
245 1 3 _aLa economía socialdemócrata :
_bcrisis y globalización /
_cFrancisco Blanco ; prólogo de Josep Borrell
260 _aMadrid :
_bTecnos,
_c2014
300 _a175 páginas :
_b ilustraciones a blanco y negro ;
_c23 cm.
500 _aIncluye datos biográficos del autor en la solapa.
504 _aIncluye bibliografía páginas 173-175.
505 0 _aEl sistema de libertad natural -- El fracaso del paradigma liberal -- La búsqueda conjunta del bien común -- Fundamentos económicos de la felicidad -- Un mundo sin reglas
520 0 _aEn contra de la opinión más generalizada, la teoría económica no es liberal, sino profundamente social-demócrata. Gracias a aportaciones de economistas como Keynes, Samuelson o Stiglitz, la economía ha ido evolucionando desde sus postulados.
650 1 4 _aEconomía
_96444
650 2 4 _aSocialismo
_96445
650 2 4 _aEconomía internacional
_92221
700 1 _aBorrell, Josep,
_eprólogo
_96446
942 _2ddc
_cBK